<?xml version="1.0" encoding="UTF-8"?>
<record
    xmlns:xsi="http://www.w3.org/2001/XMLSchema-instance"
    xsi:schemaLocation="http://www.loc.gov/MARC21/slim http://www.loc.gov/standards/marcxml/schema/MARC21slim.xsd"
    xmlns="http://www.loc.gov/MARC21/slim">

  <leader>00908nam a2200217 i 4500</leader>
  <controlfield tag="001">81835</controlfield>
  <controlfield tag="003">ES-MaACL</controlfield>
  <controlfield tag="005">20250927140724.0</controlfield>
  <controlfield tag="007">t|</controlfield>
  <controlfield tag="008">041108s1902    sp f         |||| |dspa d</controlfield>
  <datafield tag="100" ind1="1" ind2=" ">
    <subfield code="a">Ib&#xE1;&#xF1;ez Mar&#xED;n, Jos&#xE9;,</subfield>
    <subfield code="d">1862-1909</subfield>
    <subfield code="9">64933</subfield>
  </datafield>
  <datafield tag="245" ind1="1" ind2="0">
    <subfield code="a">Lusitania y su primer coronel </subfield>
    <subfield code="b">: (Marqu&#xE9;s de La Mina) / </subfield>
    <subfield code="c">[Jos&#xE9; Ib&#xE1;&#xF1;ez Mar&#xED;n].</subfield>
  </datafield>
  <datafield tag="260" ind1=" " ind2=" ">
    <subfield code="a">Madrid : </subfield>
    <subfield code="b">[s.n.], </subfield>
    <subfield code="c">1902 (</subfield>
    <subfield code="f">El Trabajo)</subfield>
  </datafield>
  <datafield tag="300" ind1=" " ind2=" ">
    <subfield code="a">XV, 121 p., [1] h. de l&#xE1;m., [1] h. pleg. de map. ; </subfield>
    <subfield code="c">24 cm.</subfield>
  </datafield>
  <datafield tag="504" ind1=" " ind2=" ">
    <subfield code="a">Bibliograf&#xED;a: p. [XIII]-XV.</subfield>
  </datafield>
  <datafield tag="594" ind1=" " ind2=" ">
    <subfield code="a">El nombre del autor consta al fin y en la advertencia preliminar.</subfield>
  </datafield>
  <datafield tag="600" ind1="1" ind2="7">
    <subfield code="a">Guzm&#xE1;n D&#xE1;valos, Jaime Miguel de, </subfield>
    <subfield code="c">Marqu&#xE9;s de la Mina, </subfield>
    <subfield code="d">1689-1767</subfield>
    <subfield code="2"></subfield>
    <subfield code="9">129943</subfield>
  </datafield>
  <datafield tag="610" ind1="1" ind2="7">
    <subfield code="a">Espa&#xF1;a. </subfield>
    <subfield code="b">Regimiento de Caballer&#xED;a Lusitania n&#xBA; 8-</subfield>
    <subfield code="v">Historia</subfield>
    <subfield code="2"></subfield>
    <subfield code="9">164694</subfield>
  </datafield>
  <datafield tag="852" ind1="1" ind2=" ">
    <subfield code="a">BA </subfield>
    <subfield code="j">T-1017-F-6 </subfield>
    <subfield code="z">.- Dedicatoria aut&#xF3;grafa del autor</subfield>
  </datafield>
  <datafield tag="999" ind1=" " ind2=" ">
    <subfield code="c">81835</subfield>
    <subfield code="d">81835</subfield>
  </datafield>
  <datafield tag="952" ind1=" " ind2=" ">
    <subfield code="0">0</subfield>
    <subfield code="1">0</subfield>
    <subfield code="4">0</subfield>
    <subfield code="7">0</subfield>
    <subfield code="8">Colecci&#xF3;n_de_folletos</subfield>
    <subfield code="a">ATENEOM</subfield>
    <subfield code="b">ATENEOM</subfield>
    <subfield code="c">DEPOF</subfield>
    <subfield code="d">2008-01-17</subfield>
    <subfield code="e">SC</subfield>
    <subfield code="l">0</subfield>
    <subfield code="o">T-1017-F-6</subfield>
    <subfield code="p">1085535</subfield>
    <subfield code="r">2023-02-23 00:00:00</subfield>
    <subfield code="w">2023-02-23</subfield>
    <subfield code="y">FOLLETOS</subfield>
  </datafield>
</record>
